00761nam a22002297a 4500003000500000005001700005008004100022010001000063011001000073035001000083040000900093082001300102100002200115245009800137260010800235300001100343490005300354650001900407650003000426700002200456830005300478CHAP20220329140326.0971013s1980 r 00010 d a50436 a51408 a55558 cCHAP a634bV3500aVillegas, Carmen. aMosca del mediterráneo (Ceratitis capitata (Wiedemann): bibliografía parcialmente anotada aTurrialba :bCentro Interamericano de Documentación, Información y Comunicación Agrícola,c1980 a169 p. aDocumentación e información agrícolav; 9014aFrutaxPlagas.14aMosca del Mediterráneo.0 aCoto Royo, Laura.0 aDocumentación e información agrícolav; 90